000
00290nam a22001337a 4500
008
170913b xxu||||| |||| 00| 0 eng d
020
_a
9783492031967
041
_a
ger
080
_a
53
100
_a
43
101
_a
FIZ
245
_a
DAS PARADOX DER ZEIT
_c
PRIGOGINE,I
942
_2
udc
_c
BK
999
_c
27406
_d
27406